000 00549nam a22001937a 4500
005 20230104134949.0
008 230104b ||||| |||| 00| 0 eng d
040 _cAL
041 _aEnglish
082 _223
_a305.8924
_bRUDJ
100 _aDavid B Ruderman
_968417
245 _aJewish Intellectual History : 16th to 20th Century Part I
260 _bteaching company
_c2002
300 _a68 p.
_bPB
_c21x13 cm.
650 _aJewish
_968418
650 _aJews Intellectual life
_968419
700 _aRUDERMAN (David B)
_968420
942 _2ddc
_cDB
999 _c226227
_d226227